Asuhaab-e-Kahf aur Yajooj Majooj (Record no. 304548)
[ view plain ]
| 000 -LEADER | |
|---|---|
| fixed length control field | 00247 a2200097 4500 |
| 001 - CONTROL NUMBER | |
| control field | 69475 |
| 082 ## - DEWEY DECIMAL CLASSIFICATION NUMBER | |
| Classification number | 297.1222 AZA |
| 100 ## - MAIN ENTRY--PERSONAL NAME | |
| Personal name | Azad Maulana Abul Kalam |
| 245 ## - TITLE STATEMENT | |
| Title | Asuhaab-e-Kahf aur Yajooj Majooj |
| 260 ## - PUBLICATION, DISTRIBUTION, ETC. | |
| Place of publication, distribution, etc. | Lahore |
| Name of publisher, distributor, etc. | Gora Publishera |
| Date of publication, distribution, etc. | 2006 |
| 942 ## - ADDED ENTRY ELEMENTS (KOHA) | |
| Institution code [OBSOLETE] | NUST-CAE |
| Call number prefix | 297.1222 AZA |
| Withdrawn status | Lost status | Damaged status | Not for loan | Collection code | Permanent Location | Current Location | Date acquired | Total Checkouts | Full call number | Barcode | Date last seen | Price effective from | Koha item type |
|---|---|---|---|---|---|---|---|---|---|---|---|---|---|
| College of Aeronautical Engineering (CAE) | College of Aeronautical Engineering (CAE) | 04/03/2017 | 297.1222 AZA | CAEG-5969 | 04/05/2017 | 04/05/2017 | Book |
